[Event "FRA-chT2"]
[Site "France"]
[Date "2002.01.19"]
[Round "5.2"]
[White "Mounier, Eric"]
[Black "Saiboulatov, Danial"]
[Result "0-1"]
[WhiteElo "2130"]
[BlackElo "2231"]
[PlyCount "64"]
[EventDate "2002.??.??"]
[EventType "team"]
[EventRounds "11"]
[EventCountry "FRA"]
[SourceTitle "EXT 2003"]
[Source "ChessBase"]
[SourceDate "2002.11.25"]
[SourceVersion "1"]
[SourceVersionDate "2002.11.25"]
[SourceQuality "1"]

1. Nf3 Nf6 2. g3 d5 3. Bg2 Bf5 4. c4 c6 5. Qb3 Qb6 6. Qxb6 axb6 7. cxd5 Bxb1 8. Rxb1 Nxd5 9. a3 g6 10. Ne5 Bg7 11. Nc4 Nd7 12. Bxd5 cxd5 13. Ne3 e6 14. d3 Nc5 15. b4 Na4 16. Bd2 Nc3 17. Rb3 Nb5 18. Nc2 Kd7 19. e3 Rhc8 20. Kd1 Rc7 21. d4 Nd6 22. Ne1 Nc4 23. Bc1 Rac8 24. Nd3 Nd6 25. Rb1 Ne4 26. Rb2 Rc3 27. Ke2 Rxa3 28. Bd2 Rxd3 29. Kxd3 Nxf2+ 30. Ke2 Nxh1 31. Rb1 Nxg3+ 32. hxg3 Rc2 0-1

[Event "Corsica op"]
[Site "Bastia"]
[Date "1999.??.??"]
[Round "1"]
[White "Degraeve, Jean Marc"]
[Black "Mounier, Eric"]
[Result "1-0"]
[WhiteElo "2542"]
[BlackElo "2092"]
[PlyCount "39"]
[EventDate "1999.11.??"]
[EventType "swiss (rapid)"]
[EventRounds "9"]
[EventCountry "FRA"]
[SourceTitle "EXT 2001"]
[Source "ChessBase"]
[SourceDate "2000.11.22"]
[SourceVersion "1"]
[SourceVersionDate "2000.11.22"]
[SourceQuality "1"]

1. e4 e5 2. Bc4 Nf6 3. d3 Nc6 4. Nf3 Bc5 5. c3 0-0 6. Nbd2 a6 7. Nf1 d5 8. exd5 Nxd5 9. Ng3 b5 10. Bb3 Bg4 11. h3 Nf4 12. hxg4 Nxd3+ 13. Ke2 Nxf2 14. Qxd8 Raxd8 15. Rf1 e4 16. Ng5 e3 17. Nxf7 Rxf7 18. Bxf7+ Kxf7 19. Bxe3 Bxe3 20. Kxe3 1-0

[Event "Val Maubuee op"]
[Site "Val Maubuee"]
[Date "1988.??.??"]
[Round "?"]
[White "Mounier, Eric"]
[Black "Lengyel, Levente"]
[Result "1/2-1/2"]
[WhiteElo "1960"]
[BlackElo "2375"]
[PlyCount "28"]
[EventDate "1988.??.??"]
[EventType "swiss"]
[EventRounds "9"]
[EventCountry "FRA"]
[SourceTitle "EXT 1997"]
[Source "ChessBase"]
[SourceDate "1996.11.15"]
[SourceVersion "1"]
[SourceVersionDate "1996.11.15"]
[SourceQuality "1"]

1. e4 e5 2. Nc3 Nf6 3. g3 d5 4. exd5 Nxd5 5. Bg2 Nb6 6. Nf3 Nc6 7. 0-0 Be7 8. Re1 f6 9. d4 exd4 10. Nb5 0-0 11. Nbxd4 Nxd4 12. Qxd4 Bd6 13. Bf4 Bxf4 14. Qxf4 Nd5 1/2-1/2